[Event "12th ECC Women"]
[Site "Kemer TUR"]
[Date "2007.10.05"]
[Round "3"]
[White "Arakhamia,K"]
[Black "Matveeva,S"]
[Result "1-0"]
[WhiteElo "2432"]
[BlackElo "2433"]
[EventDate "2007.10.03"]

1. e4 e6 2. d4 d5 3. Nc3 Bb4 4. e5 Ne7 5. a3 Bxc3+ 6. bxc3 b6 7. Nf3 Qd7 8.
a4 Ba6 9. Bd3 Bxd3 10. cxd3 Nbc6 11. O-O O-O 12. Re1 h6 13. h4 f6 14. exf6
Rxf6 15. Nh2 Nf5 16. Ng4 Rf7 17. h5 Kh7 18. Ra2 Re8 19. g3 Rff8 20. Ba3 Rg8
21. Qf3 Qf7 22. Ne3 Nd6 23. Qxf7 Nxf7 24. Rae2 Rc8 25. f4 Ncd8 26. f5 c6
27. Kg2 Ng5 28. fxe6 Ndxe6 29. Nf5 Rgd8 30. Rxe6 Nxe6 31. Rxe6 Re8 32. Rg6
Rc7 33. Bd6 Rf7 34. g4 Re2+ 35. Kf3 Rc2 36. Be5 Rxc3 37. Bxg7 1-0

[Event "12th ECC Women"]
[Site "Kemer TUR"]
[Date "2007.10.05"]
[Round "3"]
[White "Xu Yuhua"]
[Black "Javakhishvili,L"]
[Result "1-0"]
[WhiteElo "2517"]
[BlackElo "2474"]
[EventDate "2007.10.03"]

1. e4 c5 2. Nf3 e6 3. d4 cxd4 4. Nxd4 Nc6 5. Nc3 a6 6. Be2 Qc7 7. O-O Nf6
8. Kh1 Be7 9. Be3 O-O 10. f4 d6 11. Qe1 Nxd4 12. Bxd4 b5 13. a3 Bb7 14. Qg3
Rad8 15. Rae1 Rd7 16. Bd3 Re8 17. Nd1 g6 18. Qh3 e5 19. Bc3 exf4 20. Nf2
Ng4 21. Qxg4 d5 22. e5 d4 23. Bb4 f3 24. gxf3 Qc6 25. Bf5 Rd5 26. Bd6 h5
27. Qg2 Kh7 28. Be4 Qd7 29. f4 Rxd6 30. Bxb7 Rb6 31. Bd5 Qf5 32. Rd1 f6 33.
e6 Qg4 34. Qe4 Qxd1 35. Rg1 Rxe6 36. Qf3 Re1 37. Qe4 Bxa3 1-0

[Event "12th ECC Women"]
[Site "Kemer TUR"]
[Date "2007.10.05"]
[Round "3"]
[White "Muzychuk,A"]
[Black "Dzagnidze,N"]
[Result "0-1"]
[WhiteElo "2469"]
[BlackElo "2416"]
[EventDate "2007.10.03"]

1. e4 c5 2. Nf3 d6 3. d4 cxd4 4. Nxd4 Nf6 5. Nc3 a6 6. Be3 e5 7. Nde2 Be7
8. Ng3 Be6 9. Be2 O-O 10. O-O g6 11. Nd5 Bxd5 12. exd5 Nbd7 13. c4 Ne8 14.
Qd2 f5 15. Bh6 Rf7 16. f3 a5 17. Kh1 Bh4 18. Bd3 Bxg3 19. hxg3 f4 20. Kg1
Qf6 21. Kf2 Nc5 22. Bc2 Ng7 23. Bxg7 fxg3+ 24. Kxg3 Kxg7 25. Rae1 Raf8 26.
Rh1 e4 27. Qh6+ Kg8 28. f4 Qd4 29. Re2 Qxc4 30. Rhe1 Rxf4 31. b3 Qxd5 32.
Qxf4 Rxf4 33. Kxf4 Qe5+ 34. Ke3 d5 35. Rd1 Qc3+ 36. Kf2 d4 37. b4 axb4 38.
Bb3+ Nxb3 39. axb3 d3 40. Red2 Qc5+ 0-1

[Event "12th ECC Women"]
[Site "Kemer TUR"]
[Date "2007.10.05"]
[Round "3"]
[White "Lomineishvili,M"]
[Black "Pogonina,N"]
[Result "1-0"]
[WhiteElo "2409"]
[BlackElo "2462"]
[EventDate "2007.10.03"]

1. d4 Nf6 2. c4 c5 3. d5 b5 4. cxb5 a6 5. b6 e6 6. Nc3 Nxd5 7. Nxd5 exd5 8.
Qxd5 Nc6 9. Nf3 Rb8 10. e4 Be7 11. Bc4 O-O 12. Bd2 Rxb6 13. O-O d6 14. Bc3
Be6 15. Qd3 Nb4 16. Qe2 Bxc4 17. Qxc4 d5 18. exd5 Qxd5 19. Ne5 Rd6 20. a3
Nc2 21. Qxd5 Rxd5 22. Nc6 Bg5 23. Rad1 Rxd1 24. Rxd1 Rc8 25. Rd6 Kf8 26. g3
Bc1 27. Rd1 Bg5 28. Rd6 Bc1 29. h4 g6 30. Bf6 Ke8 31. Kf1 h5 32. Kg1 Nd4
33. Nxd4 cxd4 34. Rxd4 Rb8 35. Rd1 Rc8 36. a4 Bh6 37. Rd6 Ra8 38. a5 Bf8
39. Rd5 Rb8 40. Kf1 Bh6 41. Rd6 Bc1 42. Rd1 Bh6 43. f3 Bf8 44. g4 hxg4 45.
fxg4 Bb4 46. Rd5 Kf8 47. h5 Be7 48. Bc3 Rb7 49. Ke2 Kg8 50. Kd3 gxh5 51.
Rxh5 f6 52. Ke4 Kg7 53. Kd5 Kg6 54. Kc6 Rb3 55. Rh8 Ba3 56. Bxf6 Kxf6 57.
bxa3 Rxa3 58. Kb6 Ra4 59. g5+ Kxg5 60. Rf8 Kg6 61. Kxa6 Kg7 62. Rf1 Ra2 63.
Kb6 Rb2+ 64. Ka7 Rb3 65. a6 Rb4 66. Ka8 Rb3 67. a7 Rb2 68. Rc1 Kf7 69. Rc7+
Ke6 70. Rb7 Rh2 71. Kb8 Rh8+ 72. Kc7 Ra8 73. Kb6 Kd5 1-0

[Event "12th ECC Women"]
[Site "Kemer TUR"]
[Date "2007.10.05"]
[Round "3"]
[White "Danielian,E"]
[Black "Hou Yifan"]
[Result "1/2-1/2"]
[WhiteElo "2458"]
[BlackElo "2502"]
[EventDate "2007.10.03"]

1. d4 e6 2. Nf3 Nf6 3. c4 b6 4. Nc3 Bb7 5. Bg5 h6 6. Bh4 Be7 7. e3 Ne4 8.
Bxe7 Qxe7 9. Rc1 Nxc3 10. Rxc3 d6 11. c5 O-O 12. cxd6 cxd6 13. Bb5 a6 14.
Be2 Nd7 15. Rc7 Rab8 16. O-O Qd8 17. Rc1 Nf6 18. Nd2 Nd5 19. Bf3 f5 20. Nb1
Qd7 21. Bxd5 Bxd5 22. Nc3 Qb7 23. f3 b5 24. Nxd5 Qxd5 25. Qb3 Qxb3 26. axb3
Rfc8 27. Kf2 a5 28. Rc3 a4 29. Rfc1 Rxc3 30. bxc3 axb3 31. Rb1 Ra8 32. Rxb3
1/2-1/2

[Event "12th ECC Women"]
[Site "Kemer TUR"]
[Date "2007.10.05"]
[Round "3"]
[White "Kovalevskaya,E"]
[Black "Khurtsidze,N"]
[Result "1-0"]
[WhiteElo "2448"]
[BlackElo "2450"]
[EventDate "2007.10.03"]

1. e4 c5 2. Nc3 Nc6 3. Nge2 a6 4. g3 Nf6 5. Bg2 e6 6. O-O Be7 7. d3 Qc7 8.
f4 d6 9. h3 b5 10. a3 Bb7 11. f5 Nd4 12. Be3 exf5 13. Nxd4 cxd4 14. Bxd4
fxe4 15. Nxe4 Bxe4 16. Bxe4 Nxe4 17. dxe4 O-O 18. Qg4 f6 19. c3 Qc8 20. Qf5
Re8 21. Kg2 Bf8 22. Qxc8 Raxc8 23. Kf3 Rcd8 24. Rfe1 Kf7 25. b4 d5 26. a4
dxe4+ 27. Rxe4 Rxe4 28. Kxe4 Ke6 29. g4 g6 30. axb5 axb5 31. Ra5 f5+ 32.
gxf5+ gxf5+ 33. Kd3 Rb8 34. Ra6+ Bd6 35. Bc5 Rd8 36. Kd4 Rd7 37. Rb6 Rd8
38. h4 h5 39. Ra6 Rd7 40. Rc6 Rd8 41. c4 bxc4 42. Kxc4 Ke5 43. Rxd6 Rxd6
44. Bxd6+ Kxd6 45. Kd4 Ke6 46. Ke3 Ke5 47. Kf3 Kd4 48. Kf4 Kc4 49. Kxf5
Kxb4 50. Ke4 1-0

[Event "12th ECC Women"]
[Site "Kemer TUR"]
[Date "2007.10.05"]
[Round "3"]
[White "Mkrtchian,L"]
[Black "Shumiakina,T"]
[Result "1/2-1/2"]
[WhiteElo "2402"]
[BlackElo "2361"]
[EventDate "2007.10.03"]

1. d4 d5 2. c4 c6 3. Nc3 Nf6 4. Nf3 e6 5. cxd5 exd5 6. Bg5 Be7 7. Qc2 g6 8.
e3 Bf5 9. Bd3 Bxd3 10. Qxd3 Nbd7 11. O-O O-O 12. Rab1 a5 13. Rfe1 Re8 14.
Bxf6 Nxf6 15. e4 dxe4 16. Nxe4 Nxe4 17. Rxe4 1/2-1/2

[Event "12th ECC Women"]
[Site "Kemer TUR"]
[Date "2007.10.05"]
[Round "3"]
[White "Topel,Z"]
[Black "Koneru,H"]
[Result "0-1"]
[WhiteElo "2246"]
[BlackElo "2606"]
[EventDate "2007.10.03"]

1. d4 Nf6 2. c4 e6 3. Nf3 d5 4. Nc3 Bb4 5. e3 O-O 6. Qb3 Be7 7. Be2 b6 8.
cxd5 exd5 9. O-O Bb7 10. Bd2 Nbd7 11. Rad1 a6 12. Bc1 Bd6 13. Nd2 Re8 14.
Bf3 Nf8 15. g3 c6 16. e4 Ne6 17. Ne2 Bc7 18. Bg2 a5 19. exd5 cxd5 20. Rfe1
Ba6 21. Nf1 a4 22. Qc2 b5 23. b4 axb3 24. Qxb3 Ba5 25. Bd2 Bxd2 26. Rxd2
Ne4 27. Bxe4 dxe4 28. Rc1 Ng5 29. Rdc2 Qf6 30. Qe3 b4 31. Nf4 Nf3+ 32. Kg2
Nxd4 33. Rc7 Rad8 34. h3 Bxf1+ 35. Rxf1 Nf5 36. Qc5 e3 37. Qxb4 exf2 38.
Kxf2 Rb8 39. Qc3 Qb6+ 40. Qc5 Qb2+ 41. Qc2 Qd4+ 0-1

[Event "12th ECC Women"]
[Site "Kemer TUR"]
[Date "2007.10.05"]
[Round "3"]
[White "Skripchenko,A"]
[Black "Dincok,G"]
[Result "1-0"]
[WhiteElo "2438"]
[BlackElo "1755"]
[EventDate "2007.10.03"]

1. e4 d6 2. d4 Nf6 3. Nc3 g6 4. Be3 Nbd7 5. Nf3 Bg7 6. Qd2 c6 7. a4 O-O 8.
Be2 Qc7 9. O-O e5 10. dxe5 dxe5 11. a5 Re8 12. h3 Nf8 13. Rfd1 Ne6 14. Bc4
Bd7 15. Ne2 b6 16. Ng3 Rad8 17. Qc3 Nf4 18. axb6 axb6 19. Qb3 Be6 20. Rxd8
Qxd8 21. Bxe6 Rxe6 22. Bxb6 Qd6 23. Ng5 Re7 24. Ra8+ Bf8 25. Qc4 Ne6 26.
Nxe6 Qxe6 27. Qd3 Rd7 28. Qe3 Re7 29. Qc3 Re8 30. Ra7 Nd7 31. Be3 Qd6 32.
Nf1 Nf6 33. Nd2 Qe6 34. Rc7 Rc8 35. Rxc8 Qxc8 36. Qxe5 Nd7 37. Qc3 Bg7 38.
Bd4 Bh6 39. Nb3 Nf8 40. Na5 Ne6 41. Nxc6 Qd7 42. Bf6 Bf8 43. Nd4 Nf4 44.
Be5 Nh5 45. Qc6 Qd8 46. Qc7 Qg5 47. Qb8 1-0

[Event "12th ECC Women"]
[Site "Kemer TUR"]
[Date "2007.10.05"]
[Round "3"]
[White "Sharevich,A"]
[Black "Korbut,E"]
[Result "0-1"]
[WhiteElo "2289"]
[BlackElo "2443"]
[EventDate "2007.10.03"]

1. d4 d5 2. Nf3 Nf6 3. c4 dxc4 4. g3 c5 5. Qa4+ Bd7 6. Qxc4 cxd4 7. Nxd4 e5
8. Nf3 Nc6 9. Bg5 Rc8 10. Nc3 Nd4 11. Qd3 Qb6 12. Nxd4 exd4 13. Bxf6 gxf6
14. Rd1 Qxb2 15. Nd5 Bb4+ 16. Nxb4 Qxb4+ 17. Qd2 Qxd2+ 18. Rxd2 Rc1+ 19.
Rd1 Rxd1+ 20. Kxd1 Bc6 21. Rg1 Ke7 22. Bh3 Rd8 23. Bf5 Rd5 24. g4 Ra5 25.
Bb1 Bd5 26. Rg3 Bxa2 27. Bxh7 Bc4 28. Bd3 Be6 29. h4 Ra1+ 30. Kc2 b6 31. h5
Rh1 32. Be4 Rh2 33. Kd3 Rxf2 34. h6 Kf8 35. g5 Rh2 36. gxf6 Rxh6 37. Rf3
Ke8 0-1

[Event "12th ECC Women"]
[Site "Kemer TUR"]
[Date "2007.10.05"]
[Round "3"]
[White "Cmilyte,V"]
[Black "Melamed,T"]
[Result "1-0"]
[WhiteElo "2464"]
[BlackElo "2363"]
[EventDate "2007.10.03"]

1. d4 Nf6 2. c4 g6 3. Nf3 Bg7 4. g3 O-O 5. Bg2 d6 6. O-O c6 7. Nc3 Nbd7 8.
e4 e5 9. b3 exd4 10. Nxd4 Nc5 11. Bb2 Re8 12. Re1 a5 13. Rb1 Qb6 14. Nc2
Ng4 15. Ne3 Nxe3 16. Rxe3 Be6 17. Ba1 Rad8 18. h3 Qb4 19. Qe1 f5 20. a3 Qb6
21. b4 axb4 22. axb4 Nxe4 23. c5 Qc7 24. Bxe4 fxe4 25. Nxe4 dxc5 26. bxc5
Bxh3 27. Bxg7 Qxg7 28. Nd6 Rxe3 29. Qxe3 Rd7 30. Re1 Qf6 31. Qb3+ Kh8 32.
Re8+ Kg7 33. Qg8+ Kh6 34. Re4 1-0

[Event "12th ECC Women"]
[Site "Kemer TUR"]
[Date "2007.10.05"]
[Round "3"]
[White "Eckhardt,C"]
[Black "Turova,I"]
[Result "0-1"]
[WhiteElo "2168"]
[BlackElo "2383"]
[EventDate "2007.10.03"]

1. d4 Nf6 2. Nf3 e6 3. g3 b5 4. Bg2 Bb7 5. Bf1 Bc8 6. a4 b4 7. Bg2 Bb7 8.
O-O d5 9. Nbd2 Nbd7 10. Nb3 c5 11. dxc5 Nxc5 12. Nxc5 Bxc5 13. Bf4 O-O 14.
Be5 Nd7 15. Bd4 Bd6 16. c3 a5 17. cxb4 Bxb4 18. Rc1 Ba6 19. Bc3 Qb6 20. Re1
Bxc3 21. bxc3 Nc5 22. Nd4 Rab8 23. Qc2 Bc4 24. Rb1 Qc7 25. Bf1 Qd7 26. Rxb8
Rxb8 27. Rb1 Rc8 28. Nb5 Ne4 29. e3 g6 30. f3 Bxf1 31. Kxf1 Nc5 32. Rd1 Qe7
33. Rd4 Nd7 34. e4 Nb6 35. Qe2 dxe4 36. Qxe4 e5 37. f4 Rc5 38. Qe2 Qb7 39.
Re4 Nxa4 40. Rxa4 Rxb5 41. Qe4 Rb1+ 42. Kg2 Rb2+ 0-1

[Event "12th ECC Women"]
[Site "Kemer TUR"]
[Date "2007.10.05"]
[Round "3"]
[White "Sudakova,I"]
[Black "Jahn,C"]
[Result "1-0"]
[WhiteElo "2326"]
[BlackElo "2188"]
[EventDate "2007.10.03"]

1. e4 c5 2. Nf3 e6 3. d4 cxd4 4. Nxd4 a6 5. Nc3 b5 6. Bd3 d6 7. O-O Nf6 8.
a4 b4 9. Na2 e5 10. Nf3 Nc6 11. Qe1 a5 12. Bb5 Bd7 13. Bg5 Be7 14. c3 bxc3
15. Nxc3 Nb4 16. Rd1 Bxb5 17. Nxb5 Qb6 18. Bxf6 gxf6 19. Qc3 Rd8 20. Nh4
Qc5 21. Qh3 h5 22. Nf5 Qc6 23. Qf3 Rg8 24. Rc1 Qb6 25. Rc7 Rd7 26. Rfc1
Rxc7 27. Rxc7 1-0

[Event "12th ECC Women"]
[Site "Kemer TUR"]
[Date "2007.10.05"]
[Round "3"]
[White "Madl,I"]
[Black "Gaponenko,I"]
[Result "1/2-1/2"]
[WhiteElo "2381"]
[BlackElo "2440"]
[EventDate "2007.10.03"]

1. e4 c5 2. Nf3 Nc6 3. d4 cxd4 4. Nxd4 Nf6 5. Nc3 d6 6. Bc4 e6 7. Be3 Be7
8. Bb3 O-O 9. O-O Bd7 10. Kh1 Nxd4 11. Qxd4 Bc6 12. f4 Ng4 13. Bg1 b5 14.
Rad1 1/2-1/2

[Event "12th ECC Women"]
[Site "Kemer TUR"]
[Date "2007.10.05"]
[Round "3"]
[White "Zaiatz,E"]
[Black "Boric,E"]
[Result "1/2-1/2"]
[WhiteElo "2366"]
[BlackElo "2279"]
[EventDate "2007.10.03"]

1. d4 f5 2. g3 Nf6 3. Bg2 g6 4. Nf3 Bg7 5. O-O O-O 6. b3 d6 7. Bb2 c6 8. c4
Qe8 9. Qc2 Nbd7 10. Nbd2 e5 11. dxe5 dxe5 12. e4 f4 13. c5 fxg3 14. fxg3
Qe7 15. b4 a5 16. Qc4+ Kh8 1/2-1/2

[Event "12th ECC Women"]
[Site "Kemer TUR"]
[Date "2007.10.05"]
[Round "3"]
[White "Dengler,D"]
[Black "Chistiakova,T"]
[Result "0-1"]
[WhiteElo "2093"]
[BlackElo "2363"]
[EventDate "2007.10.03"]

1. d4 d5 2. Nf3 c6 3. e3 Bf5 4. c4 e6 5. Nc3 Nd7 6. Qb3 Qb6 7. Qxb6 axb6 8.
Nh4 Bg4 9. h3 Bh5 10. cxd5 exd5 11. Bd3 g5 12. Nf5 Bg6 13. e4 dxe4 14. Bxe4
Ngf6 15. Bc2 Ra5 16. Ne3 Bxc2 17. Nxc2 Nd5 18. O-O Nxc3 19. bxc3 Bg7 20.
Re1+ Kd8 21. Bd2 Re8 22. Rxe8+ Kxe8 23. Re1+ Kd8 24. a3 h6 25. Kf1 Rb5 26.
Ke2 Rb2 27. Kd3 c5 28. Bc1 Ra2 29. Re2 b5 30. c4 cxd4 31. Nxd4 Nc5+ 32. Ke3
Bxd4+ 33. Kxd4 Rxe2 34. Kxc5 bxc4 0-1

[Event "12th ECC Women"]
[Site "Kemer TUR"]
[Date "2007.10.05"]
[Round "3"]
[White "Shaidullina,S"]
[Black "Stevandic,D"]
[Result "1-0"]
[WhiteElo "2296"]
[BlackElo "2052"]
[EventDate "2007.10.03"]

1. d4 Nf6 2. Nf3 d6 3. c4 g6 4. g3 Bg7 5. Bg2 O-O 6. O-O Nbd7 7. Nc3 e5 8.
h3 c6 9. e4 Qe7 10. Be3 Ne8 11. Re1 f5 12. exf5 gxf5 13. d5 c5 14. Ng5 Nc7
15. Ne6 Nxe6 16. dxe6 Nb6 17. Nd5 Nxd5 18. cxd5 b5 19. Bxc5 Bb7 20. Bb4 a5
21. Bd2 Rfc8 22. Rc1 Rxc1 23. Bxc1 Rc8 24. Qh5 Qf6 25. h4 Qg6 26. Qe2 Qe8
27. Qf3 Qf8 28. Qe2 Qe8 29. Bf3 Rc4 30. Bh5 Qc8 31. Bf7+ Kh8 32. e7 1-0

[Event "12th ECC Women"]
[Site "Kemer TUR"]
[Date "2007.10.05"]
[Round "3"]
[White "Meseli,P"]
[Black "Paehtz,E"]
[Result "1/2-1/2"]
[WhiteElo "1936"]
[BlackElo "2452"]
[EventDate "2007.10.03"]

1. e4 g6 2. d4 Bg7 3. Nc3 a6 4. Be3 b5 5. Qd2 Bb7 6. f3 d6 7. Nge2 Nd7 8.
g4 b4 9. Nd1 c5 10. c3 bxc3 11. Ndxc3 Rc8 12. dxc5 Nxc5 13. Bd4 Nf6 14. g5
Nh5 15. Ng3 Bxd4 16. Qxd4 e5 17. Qd2 Nf4 18. h4 Nce6 19. Nge2 O-O 20. Bh3
Nxe2 21. Nxe2 d5 22. exd5 Qxd5 23. Qxd5 Bxd5 24. O-O Rc2 25. Rf2 Rb8 26. b3
Rb4 27. Ng3 Rxf2 28. Kxf2 Rf4 29. Bg2 Rxh4 30. Rc1 Nxg5 31. Rc5 Bb7 32.
Rxe5 Ne6 33. Ne4 Bxe4 34. fxe4 Rf4+ 35. Ke3 Rf6 36. Ra5 Nf4 37. Bf3 Nh3 38.
Be2 Nf4 39. Bxa6 Ng2+ 40. Ke2 h5 41. Bb7 Nf4+ 42. Ke3 Ng2+ 1/2-1/2

[Event "12th ECC Women"]
[Site "Kemer TUR"]
[Date "2007.10.05"]
[Round "3"]
[White "Vasilevich,I"]
[Black "Dincel,M"]
[Result "1-0"]
[WhiteElo "2383"]
[BlackElo "1812"]
[EventDate "2007.10.03"]

1. e4 e6 2. d4 d5 3. Nc3 Nf6 4. e5 Nfd7 5. Nce2 c5 6. f4 Nc6 7. c3 Qb6 8.
a3 a5 9. Nf3 Be7 10. f5 Nf8 11. Nf4 Bd7 12. Nh5 O-O-O 13. Nxg7 exf5 14. Qc2
Kb8 15. Be3 Rg8 16. Nh5 Ne6 17. Nf4 Nxf4 18. Bxf4 Be6 19. Be3 Rc8 20. Qf2
cxd4 21. Nxd4 Nxd4 22. Bxd4 Bc5 23. O-O-O Bxd4 24. Qxd4 Qxd4 25. Rxd4 Rg4
26. Kd2 Re4 27. Bd3 Rxe5 28. Rf1 Rg8 29. g3 Rg5 30. Rh4 Rg7 31. Rf3 Kc7 32.
Rh6 Bd7 33. Rf4 Re6 34. Rh5 Re5 35. Rfh4 Re8 36. Rxh7 Rxh7 37. Rxh7 Re7 38.
Rh6 Re6 39. Rh5 Rf6 40. Ke3 Rb6 41. b4 axb4 42. axb4 Rf6 43. Rh7 Be6 44.
Kf4 Kd6 45. Rg7 Rh6 46. h4 Rg6 47. Rxg6 fxg6 48. Kg5 Bf7 49. Kf6 Be8 50.
Be2 b6 51. Bf3 b5 52. Be2 d4 53. cxd4 Kd5 54. Ke7 Bc6 55. Bf3+ 1-0

[Event "12th ECC Women"]
[Site "Kemer TUR"]
[Date "2007.10.05"]
[Round "3"]
[White "Zhukova,N"]
[Black "Steil Antoni,F"]
[Result "1-0"]
[WhiteElo "2452"]
[BlackElo "2104"]
[EventDate "2007.10.03"]

1. d4 d5 2. Nf3 Nf6 3. c4 dxc4 4. Nc3 a6 5. a4 e6 6. e3 c5 7. Bxc4 Nc6 8.
O-O Be7 9. Qe2 O-O 10. Rd1 Qc7 11. h3 Rd8 12. d5 exd5 13. Bxd5 Nb4 14. Bc4
Rxd1+ 15. Qxd1 h6 16. e4 b6 17. e5 Ne8 18. Qb3 Bf8 19. Bf4 Bb7 20. Rd1 Bc6
21. Bg3 Qe7 22. e6 f6 23. Nh4 Kh7 24. Na2 g6 25. Nxb4 cxb4 26. Qc2 f5 27.
Nxf5 gxf5 28. Qxf5+ Kg8 29. Rd7 Bxd7 30. exd7+ Kh8 31. Bd5 Nf6 32. Be5 1-0

[Event "12th ECC Women"]
[Site "Kemer TUR"]
[Date "2007.10.05"]
[Round "3"]
[White "Klipper,R"]
[Black "Maric,A"]
[Result "1/2-1/2"]
[WhiteElo "2069"]
[BlackElo "2408"]
[EventDate "2007.10.03"]

1. Nf3 Nf6 2. d4 e6 3. e3 b6 4. Bd3 Bb7 5. O-O c5 6. c4 d6 7. b3 Be7 8. Bb2
O-O 9. Nc3 cxd4 10. exd4 d5 11. cxd5 Nxd5 12. Nxd5 Bxd5 13. Rc1 Nc6 14. a4
1/2-1/2

[Event "12th ECC Women"]
[Site "Kemer TUR"]
[Date "2007.10.05"]
[Round "3"]
[White "Gencer,O"]
[Black "Bensdorp,M"]
[Result "0-1"]
[WhiteElo "1940"]
[BlackElo "2263"]
[EventDate "2007.10.03"]

1. e4 e6 2. d4 d5 3. Nd2 Nf6 4. e5 Nfd7 5. Bd3 c5 6. c3 Nc6 7. Ne2 cxd4 8.
cxd4 f6 9. exf6 Nxf6 10. O-O Bd6 11. Nf3 Qc7 12. Ng3 O-O 13. b3 Bd7 14. Bb2
Rae8 15. Bb5 Nb4 16. Bxd7 Nxd7 17. Ba3 Qa5 18. Bxb4 Qxb4 19. Re1 Qb6 20.
Qd3 g6 21. Re2 Rf4 22. Nf1 Nb8 23. Rd1 Nc6 24. Ne3 Qd8 25. h3 Re7 26. Ng4
Qf8 27. Re3 Qg7 28. g3 Rf5 29. Rde1 h5 30. Ngh2 Qf7 31. Qe2 e5 32. dxe5
Nxe5 33. Nd4 Rf6 34. f4 Nc6 35. Rxe7 Nxe7 36. Nhf3 Nf5 37. Nxf5 Rxf5 38.
Kg2 Kg7 39. Nd4 Rf6 40. Ne6+ Kg8 41. Ng5 Qd7 42. Ne6 a6 43. Ng5 h4 44. Ne6
hxg3 45. Kxg3 Bb4 46. Nd4 Bxe1+ 47. Qxe1 Qd6 48. Qe3 g5 49. Ne2 gxf4+ 50.
Nxf4 d4 51. Qe8+ Kg7 52. Qe4 d3 0-1

[Event "12th ECC Women"]
[Site "Kemer TUR"]
[Date "2007.10.05"]
[Round "3"]
[White "Van Weersel,A"]
[Black "Dincok,B"]
[Result "1-0"]
[WhiteElo "2174"]
[BlackElo "1945"]
[EventDate "2007.10.03"]

1. e4 c5 2. c4 Nc6 3. Ne2 g6 4. d4 cxd4 5. Nxd4 Bg7 6. Be3 Nf6 7. Nc3 O-O
8. Be2 d6 9. O-O Bd7 10. Nb3 a5 11. Rc1 a4 12. Nd2 Nb4 13. a3 Na6 14. Nxa4
Bxa4 15. Qxa4 Nc5 16. Qc2 Nfd7 17. Nf3 Ne6 18. Rfd1 Qb8 19. Ng5 Nxg5 20.
Bxg5 Bf6 21. Be3 Ne5 22. c5 dxc5 23. Qxc5 Rc8 24. Qxc8+ Qxc8 25. Rxc8+ Rxc8
26. Rc1 Rxc1+ 27. Bxc1 Nc6 28. b4 Kf8 29. Kf1 Ke8 30. Bb5 Kd7 31. Ke2 Kd6
32. Bxc6 Kxc6 33. a4 e6 34. Kd3 b5 35. a5 Be7 36. Bd2 Bf6 37. Bc3 Bxc3 38.
Kxc3 e5 39. Kd3 g5 40. h4 g4 41. h5 h6 42. Ke2 f6 43. Kf1 Kb7 44. Kg1 Kc6
45. Kh2 Kb7 46. Kg1 1-0

[Event "12th ECC Women"]
[Site "Kemer TUR"]
[Date "2007.10.05"]
[Round "3"]
[White "Tikir,H"]
[Black "Bensdorp,L"]
[Result "0-1"]
[WhiteElo "1721"]
[BlackElo "2121"]
[EventDate "2007.10.03"]

1. e4 c5 2. d4 cxd4 3. c3 dxc3 4. Nxc3 Nc6 5. Nf3 e6 6. Bf4 a6 7. Bc4 Nge7
8. e5 Ng6 9. Bg3 Qa5 10. Qe2 Be7 11. O-O O-O 12. Rfd1 b5 13. Bb3 b4 14. Na4
f5 15. exf6 Rxf6 16. Rac1 Nf8 17. Qe3 Bb7 18. Nc5 Bxc5 19. Rxc5 Qb6 20. Bd6
Ng6 21. Ng5 h6 22. Ne4 Rf7 23. Qg3 Nf8 24. Bc7 Qa7 25. Bf4 Ne7 26. Rc7 Nf5
27. Qd3 Qb6 28. Nc5 Bc6 29. h3 Qxc5 30. Rc1 Qd4 31. Qxd4 Nxd4 0-1

[Event "12th ECC Women"]
[Site "Kemer TUR"]
[Date "2007.10.05"]
[Round "3"]
[White "Middelveld,M"]
[Black "Kesim,A"]
[Result "1-0"]
[WhiteElo "2009"]
[BlackElo "1650"]
[EventDate "2007.10.03"]

1. d4 d5 2. c4 c6 3. Nc3 e6 4. Nf3 Nf6 5. Bg5 h6 6. Bh4 Be7 7. e3 Nbd7 8.
cxd5 Nxd5 9. Bxe7 Qxe7 10. e4 Nxc3 11. bxc3 Nf6 12. Bd3 O-O 13. O-O c5 14.
Rc1 Rd8 15. Qe2 Bd7 16. Rfd1 Be8 17. Bb1 Rac8 18. e5 Nd5 19. c4 Nb6 20. Qe4
g6 21. d5 exd5 22. cxd5 Kg7 23. d6 Qd7 24. Qe3 Qg4 25. h3 Qe6 26. Rxc5 Rxc5
27. Qxc5 Rc8 28. Qe3 Qc4 29. Kh2 Qc3 30. Qxc3 Rxc3 31. Be4 Bd7 32. Bxb7 f6
33. Re1 Kf7 34. exf6 Kxf6 35. Ne5 Bf5 36. Ng4+ Bxg4 37. hxg4 Rd3 38. Bf3
Rxd6 39. Re3 Rd2 40. Ra3 Rd7 41. Ra6 Kg5 42. Kg3 Rc7 43. Be4 Rc4 44. f3 Ra4
45. Rxa4 Nxa4 46. Bd5 Nc3 47. Bc4 Na4 48. Bd5 Nc3 49. Bc4 Na4 50. Kf2 Nc5
51. g3 Kf6 52. Ke3 Nd7 53. Kd4 Ke7 54. Bd3 g5 55. Kd5 Nf6+ 56. Kc6 h5 57.
gxh5 Nxh5 58. g4 Nf4 59. Be4 Ne6 60. Kb7 a5 61. Kb6 a4 62. Kb5 a3 63. Kb4
Kd6 64. Kxa3 Kc5 65. Kb3 Nd4+ 66. Kc3 Nb5+ 67. Kd3 1-0

[Event "12th ECC Women"]
[Site "Kemer TUR"]
[Date "2007.10.05"]
[Round "3"]
[White "Yanik,E"]
[Black "Gerasimovitch,O"]
[Result "1-0"]
[WhiteElo "2069"]
[BlackElo "2184"]
[EventDate "2007.10.03"]

1. d4 Nf6 2. Nf3 g6 3. Bg5 Bg7 4. Nbd2 d5 5. e3 O-O 6. Be2 Nbd7 7. O-O Re8
8. c4 c5 9. Qb3 cxd4 10. exd4 Ne4 11. Be3 Ndf6 12. Nxe4 dxe4 13. Ne5 Nd7
14. Nxd7 Qxd7 15. c5 Qc7 16. d5 Kh8 17. Rfd1 Be5 18. h3 f5 19. Rac1 f4 20.
Bd4 Bxd4 21. Rxd4 Qe5 22. Rcd1 f3 23. Bf1 Bf5 24. Qe3 fxg2 25. Bxg2 Rac8
26. b4 a5 27. a3 axb4 28. axb4 Rcd8 29. Bxe4 Bxe4 30. Rxe4 Qf6 31. Re6 Qf7
32. Rd4 Ra8 33. Rde4 Qf5 34. R6e5 Qf7 35. Rxe7 Rxe7 36. Rxe7 Ra1+ 37. Kh2
Qf6 38. Re8+ Kg7 39. Re7+ 1-0

[Event "12th ECC Women"]
[Site "Kemer TUR"]
[Date "2007.10.05"]
[Round "3"]
[White "Khudaya,A"]
[Black "Acarbay,Al"]
[Result "1-0"]
[WhiteElo "2088"]
[BlackElo "1865"]
[EventDate "2007.10.03"]

1. d4 d5 2. c4 c6 3. Nf3 Nf6 4. Nc3 e6 5. cxd5 exd5 6. Bg5 Be7 7. Qc2 Na6
8. a3 g6 9. e3 Bf5 10. Bd3 Bxd3 11. Qxd3 Nc7 12. O-O O-O 13. Ne5 Nd7 14.
Bxe7 Qxe7 15. f4 f6 16. Nxd7 Qxd7 17. f5 Kg7 18. Rae1 Rad8 19. Rf3 Ne8 20.
h4 g5 21. hxg5 fxg5 22. e4 dxe4 23. Nxe4 Rxf5 24. Rxf5 Qxf5 25. Rf1 Qg4 26.
Qe3 Kg6 27. Rf3 h6 28. Qb3 Rd7 29. Qg8+ Ng7 30. Rf6+ Kh5 31. Qh8 Qd1+ 32.
Kh2 1-0

[Event "12th ECC Women"]
[Site "Kemer TUR"]
[Date "2007.10.05"]
[Round "3"]
[White "Sop,S"]
[Black "Khudaya,I"]
[Result "0-1"]
[WhiteElo "1911"]
[BlackElo "2111"]
[EventDate "2007.10.03"]

1. c4 f5 2. g3 Nf6 3. Bg2 g6 4. Nc3 Bg7 5. e3 d6 6. Nge2 c6 7. O-O O-O 8.
Rb1 Qe8 9. b4 Qf7 10. d3 h6 11. a4 e5 12. b5 g5 13. f4 a6 14. Ba3 Rd8 15.
Qc1 axb5 16. axb5 gxf4 17. gxf4 e4 18. dxe4 Qxc4 19. bxc6 bxc6 20. Bxd6
Rxd6 21. e5 Re6 22. exf6 Bxf6 23. Rf3 Nd7 24. Bf1 Qc5 25. Nd1 Kf8 26. Qxc5+
Nxc5 27. Bh3 Rd6 28. Ng3 Ne4 29. Nf1 Be6 30. Nf2 Nc3 31. Rc1 Bd5 32. e4
fxe4 33. Rg3 Ra2 34. Bg4 Bh4 35. Nd1 Bxg3 36. Nxg3 Nxd1 37. Rxd1 e3 38. f5
Rg2+ 39. Kf1 Rxh2 40. Ne4 Rh1+ 41. Ke2 Bc4+ 42. Kxe3 Rdxd1 0-1

[Event "12th ECC Women"]
[Site "Kemer TUR"]
[Date "2007.10.06"]
[Round "4"]
[White "Gvetadze,Sopi"]
[Black "Cramling,P"]
[Result "1/2-1/2"]
[WhiteElo "2362"]
[BlackElo "2531"]
[EventDate "2007.10.03"]

1. e4 c5 2. Nf3 e6 3. c3 Nf6 4. e5 Nd5 5. d4 cxd4 6. cxd4 d6 7. Bc4 Nb6 8.
Bd3 Bd7 9. Bg5 Be7 10. Bxe7 Qxe7 11. Nc3 Bc6 12. O-O N8d7 13. Bb5 O-O 14.
Bxc6 bxc6 15. exd6 Qxd6 16. Qe2 Rfc8 17. Rfd1 Nd5 18. Ne4 Qe7 19. Rac1 Rab8
20. Nc5 Rb6 21. g3 Nxc5 22. Rxc5 Qb7 23. Rd2 Qa6 24. Qxa6 Rxa6 25. a3 f6
26. Rdc2 Kf7 27. Nd2 Ne7 28. Nc4 Rd8 29. Na5 Rxd4 30. Nxc6 Nxc6 31. Rxc6
Rxc6 32. Rxc6 a5 33. h4 a4 34. Kg2 h5 35. Rb6 e5 36. b3 Kg6 37. Rb7 Kh6 38.
Rb6 Kg6 39. Rb7 Kh6 40. Rb6 axb3 41. Rxb3 Ra4 42. Rc3 g5 43. hxg5+ Kxg5 44.
Rb3 Kg6 45. Kf1 f5 46. Kg2 Kg5 47. Re3 Kf6 48. Rb3 Kg5 49. Re3 e4 50. Rb3
h4 51. gxh4+ Kxh4 52. f3 Kg5 53. fxe4 Rxe4 54. Rb8 Re3 55. a4 Kg4 56. Rb4+
f4 57. Rb8 Re2+ 58. Kf1 Ra2 59. Rb3 Rxa4 60. Kg2 Ra2+ 61. Kf1 Rh2 62. Kg1
Re2 63. Kf1 Rc2 64. Ra3 Rh2 65. Kg1 Rd2 66. Rb3 Kf5 67. Kf1 Ra2 68. Rb5+
Kg4 69. Rb3 Rc2 70. Ra3 Rb2 71. Kg1 Kf5 72. Kf1 Rb4 73. Kf2 Ke4 74. Kf1 Rd4
75. Kf2 Rd2+ 76. Kf1 Rh2 77. Ra4+ Kf5 78. Ra5+ Kg4 79. Ra3 1/2-1/2